Städte des Vereinigten Königreichs - Sudden Death - Statistiken

Allgemein
  • Dieses Quiz wurde 1.702 mal gespielt
    513 seit der letzten Aktualisierung
  • Das Durchschnittsergebnis liegt bei 7 aus 16
Answers on the Grid
Answers color-coded by a green-red scale on the quiz's grid according to % correct below.
New York
London
Glasgow
Dublin
Belfast
Wales
Sheffield
York
Liverpool
Brantford
Seattle
Cardiff
Brisbane
Dunedin
Coventry
Leeds
Newport News
Stoke-on-Trent
Norwich
Jackson
Pretoria
Plymouth
Newcastle upon Tyne
Luton
Canterbury
Vancouver
Cairns
Invercargill
Stirling
Cork
 
Antwortstatistiken
Antwort % Korrekt
Liverpool
68%
London
63%
Leeds
54%
Sheffield
54%
Glasgow
53%
Cardiff
51%
Plymouth
51%
York
49%
Belfast
47%
Norwich
47%
Luton
39%
Newcastle upon Tyne
39%
Coventry
37%
Canterbury
35%
Stoke-on-Trent
30%
Stirling
15%
Keine übereinstimmenden Quizze gefunden
Verteilung der Resultate
Anzahl Personen mit jedem Resultat
Perzentil nach korrekt beantworteten Fragen
Ihre Resultats-Entwicklung
Sie haben dieses Quiz seit der letzten Aktualisierung nicht gespielt